Statistics for Most Streamed Songs Released Before Spotify Existed

Click here to take the quiz!

General Stats

  • This quiz has been taken 29 times
  • The average score is 13 of 20

Answer Stats

YearArtistTitle% Correct
1975QueenBohemian Rhapsody
92%
1982TotoAfrica
85%
1991NirvanaSmells Like Teen Spirit
85%
1995OasisWonderwall
81%
2002EminemLose Yourself
73%
2004The KillersMr. Brightside
73%
1985a-haTake on Me
73%
2008ColdplayViva la Vida
69%
1981JourneyDon't Stop Believin'
65%
1987Guns N' RosesSweet Child O' Mine
65%
1994Mariah CareyAll I Want for Christmas is You
62%
2000Linkin ParkIn the End
62%
1983The PoliceEvery Breath You Take
58%
2000ColdplayYellow
58%
1979QueenDon't Stop Me Now
54%
1981QueenAnother One Bites the Dust
50%
2002ColdplayThe Scientist
46%
2002EminemWithout Me
42%
2008Jason MrazI'm Yours
38%
2002Eminem ft. Nate DoggTill I Collapse
31%

Score Distribution

Percentile by Number Answered

Percent of People with Each Score

Your Score History

You have not taken this quiz